<?xml version="1.0" encoding="UTF-8"?>
<record
    xmlns:xsi="http://www.w3.org/2001/XMLSchema-instance"
    xsi:schemaLocation="http://www.loc.gov/MARC21/slim http://www.loc.gov/standards/marcxml/schema/MARC21slim.xsd"
    xmlns="http://www.loc.gov/MARC21/slim">

  <leader>01982nam a2200277 i 4500</leader>
  <controlfield tag="003">EG-ScBUE</controlfield>
  <controlfield tag="005">20231219094900.0</controlfield>
  <controlfield tag="008">190407s2019    ua     f      000 0 ara d</controlfield>
  <datafield tag="017" ind1=" " ind2=" ">
    <subfield code="a">2019 / 2436</subfield>
  </datafield>
  <datafield tag="040" ind1=" " ind2=" ">
    <subfield code="a">EG-ScBUE</subfield>
    <subfield code="b">ara</subfield>
    <subfield code="e">rda</subfield>
    <subfield code="c">EG-ScBUE</subfield>
    <subfield code="d">EG-ScBUE</subfield>
  </datafield>
  <datafield tag="043" ind1=" " ind2=" ">
    <subfield code="a">f-ua---</subfield>
  </datafield>
  <datafield tag="082" ind1="0" ind2="4">
    <subfield code="a">962</subfield>
    <subfield code="b">&#x639; &#x64A; &#x633;</subfield>
    <subfield code="2">22</subfield>
  </datafield>
  <datafield tag="100" ind1="1" ind2=" ">
    <subfield code="a">&#x639;&#x64A;&#x633;&#x649;&#x60C; &#x635;&#x644;&#x627;&#x62D;&#x60C;</subfield>
    <subfield code="d">1939-</subfield>
    <subfield code="e">&#x645;&#x624;&#x644;&#x641;.</subfield>
  </datafield>
  <datafield tag="245" ind1="1" ind2="0">
    <subfield code="a">&#x647;&#x648;&#x627;&#x645;&#x634; &#x627;&#x644;&#x645;&#x642;&#x631;&#x64A;&#x632;&#x64A; :</subfield>
    <subfield code="b">&#x62D;&#x643;&#x627;&#x64A;&#x627;&#x62A; &#x645;&#x646; &#x645;&#x635;&#x631; /</subfield>
    <subfield code="c">&#x635;&#x644;&#x627;&#x62D; &#x639;&#x64A;&#x633;&#x649;.</subfield>
  </datafield>
  <datafield tag="250" ind1=" " ind2=" ">
    <subfield code="a">&#x627;&#x644;&#x637;&#x628;&#x639;&#x629; &#x627;&#x644;&#x623;&#x648;&#x644;&#x649;.</subfield>
  </datafield>
  <datafield tag="264" ind1=" " ind2="1">
    <subfield code="a">&#x627;&#x644;&#x642;&#x627;&#x647;&#x631;&#x629; :</subfield>
    <subfield code="b">&#x62F;&#x627;&#x631; &#x627;&#x644;&#x643;&#x631;&#x645;&#x629;&#x60C;</subfield>
    <subfield code="c">2019.</subfield>
  </datafield>
  <datafield tag="300" ind1=" " ind2=" ">
    <subfield code="a">327 &#x635;&#x641;&#x62D;&#x629; &#x61B;</subfield>
    <subfield code="c">24 &#x633;&#x645;</subfield>
  </datafield>
  <datafield tag="336" ind1=" " ind2=" ">
    <subfield code="2">rdacontent</subfield>
    <subfield code="a">&#x646;&#x635;</subfield>
    <subfield code="b">txt</subfield>
  </datafield>
  <datafield tag="337" ind1=" " ind2=" ">
    <subfield code="a">&#x628;&#x62F;&#x648;&#x646; &#x648;&#x633;&#x64A;&#x637;</subfield>
    <subfield code="2">rdamedia</subfield>
    <subfield code="b">n</subfield>
  </datafield>
  <datafield tag="338" ind1=" " ind2=" ">
    <subfield code="a">&#x645;&#x62C;&#x644;&#x62F;</subfield>
    <subfield code="b">nc</subfield>
    <subfield code="2">rdacarrier</subfield>
  </datafield>
  <datafield tag="520" ind1=" " ind2=" ">
    <subfield code="a">&#x64A;&#x62D;&#x62A;&#x648;&#x64A; &#x647;&#x630;&#x627; &#x627;&#x644;&#x643;&#x62A;&#x627;&#x628; &#x639;&#x644;&#x649; 180 &#x62D;&#x643;&#x627;&#x64A;&#x629; &#x645;&#x645;&#x62A;&#x639;&#x629; &#x648;&#x645;&#x630;&#x647;&#x644;&#x629; &#x645;&#x646; &#x62A;&#x627;&#x631;&#x64A;&#x62E; &#x645;&#x635;&#x631;&#x60C; &#x62A;&#x62A;&#x646;&#x627;&#x648;&#x644; &#x627;&#x644;&#x641;&#x62A;&#x631;&#x629; &#x627;&#x644;&#x648;&#x627;&#x642;&#x639;&#x629; &#x628;&#x64A;&#x646; &#x627;&#x644;&#x639;&#x635;&#x648;&#x631; &#x627;&#x644;&#x648;&#x633;&#x637;&#x649; &#x648;&#x62B;&#x648;&#x631;&#x629; 1919&#x60C; &#x64A;&#x64F;&#x633;&#x644;&#x637; &#x641;&#x64A;&#x647;&#x627; &#x627;&#x644;&#x645;&#x624;&#x631;&#x62E; &#x627;&#x644;&#x643;&#x628;&#x64A;&#x631; &#x648;&#x627;&#x644;&#x635;&#x62D;&#x641;&#x64A; &#x627;&#x644;&#x642;&#x62F;&#x64A;&#x631; &#x635;&#x644;&#x627;&#x62D; &#x639;&#x64A;&#x633;&#x649; &#x627;&#x644;&#x636;&#x648;&#x621; &#x639;&#x644;&#x649; &#x645;&#x648;&#x627;&#x642;&#x641; &#x648;&#x623;&#x62D;&#x62F;&#x627;&#x62B; &#x623;&#x63A;&#x644;&#x628;&#x647;&#x627; &#x63A;&#x64A;&#x631; &#x645;&#x639;&#x631;&#x648;&#x641;&#x60C; &#x62A;&#x64F;&#x632;&#x648;&#x64E;&#x651;&#x62F; &#x639;&#x642;&#x644; &#x645;&#x646; &#x64A;&#x642;&#x631;&#x623;&#x647;&#x627; &#x628;&#x643;&#x644; &#x62F;&#x644;&#x627;&#x644;&#x627;&#x62A; &#x639;&#x635;&#x631;&#x647;&#x627;.
- &#x62D;&#x643;&#x627;&#x64A;&#x627;&#x62A; &#x643;&#x627;&#x644;&#x634;&#x639;&#x628; : &#x62D;&#x646;&#x648;&#x646;&#x629; &#x648;&#x642;&#x627;&#x633;&#x64A;&#x629;&#x60C; &#x631;&#x642;&#x64A;&#x642;&#x629; &#x648;&#x639;&#x646;&#x64A;&#x641;&#x629;. &#x648;&#x645;&#x648;&#x627;&#x642;&#x641; &#x62A;&#x62A;&#x63A;&#x646;&#x649; &#x628;&#x630;&#x643;&#x631;&#x64A;&#x627;&#x62A; &#x645;&#x627;&#x636;&#x64D; &#x639;&#x638;&#x64A;&#x645;&#x60C; &#x648;&#x62A;&#x633;&#x62A;&#x62E;&#x644;&#x635; &#x645;&#x646;&#x647; &#x642;&#x627;&#x646;&#x648;&#x646; &#x627;&#x644;&#x62A;&#x637;&#x648;&#x631; &#x627;&#x644;&#x630;&#x64A; &#x644;&#x627; &#x645;&#x641;&#x631; &#x645;&#x646;&#x647;: &#x627;&#x644;&#x634;&#x639;&#x628; &#x644;&#x627; &#x64A;&#x64F;&#x647;&#x632;&#x645; &#x648;&#x644;&#x627; &#x64A;&#x641;&#x646;&#x649;.
- &#x641;&#x64A; &#x62E;&#x627;&#x62A;&#x645;&#x629; &#x627;&#x644;&#x643;&#x62A;&#x627;&#x628; &#x627;&#x644;&#x645;&#x637;&#x648;&#x64E;&#x651;&#x644;&#x629;&#x60C; &#x64A;&#x643;&#x634;&#x641; &#x643;&#x627;&#x62A;&#x628;&#x646;&#x627; &#x627;&#x644;&#x643;&#x628;&#x64A;&#x631; &#x628;&#x639;&#x636; &#x645;&#x627; &#x62C;&#x631;&#x649; &#x641;&#x64A; &#x643;&#x648;&#x627;&#x644;&#x64A;&#x633; &#x627;&#x644;&#x635;&#x62D;&#x627;&#x641;&#x629; &#x639;&#x646;&#x62F;&#x645;&#x627; &#x646;&#x64F;&#x634;&#x631;&#x62A; &#x647;&#x630;&#x647; &#x627;&#x644;&#x62D;&#x643;&#x627;&#x64A;&#x627;&#x62A; &#x641;&#x623;&#x62B;&#x627;&#x631;&#x62A; &#x635;&#x62E;&#x628;&#x64B;&#x627; &#x648;&#x636;&#x62C;&#x64A;&#x62C;&#x64B;&#x627;&#x60C; &#x648;&#x633;&#x628;&#x64E;&#x651;&#x628;&#x62A; &#x644;&#x631;&#x626;&#x64A;&#x633; &#x62A;&#x62D;&#x631;&#x64A;&#x631; &#x62C;&#x631;&#x64A;&#x62F;&#x629; &#x627;&#x644;&#x62C;&#x645;&#x647;&#x648;&#x631;&#x64A;&#x629; &#x648;&#x642;&#x62A;&#x647;&#x627; &#x645;&#x634;&#x643;&#x644;&#x627;&#x62A; &#x648;&#x625;&#x632;&#x639;&#x627;&#x62C;&#x627;&#x62A;&#x60C; &#x628;&#x644; &#x627;&#x639;&#x62A;&#x628;&#x631;&#x647;&#x627; &#x627;&#x644;&#x628;&#x639;&#x636; &#x623;&#x62D;&#x62F; &#x623;&#x633;&#x628;&#x627;&#x628; &#x642;&#x644;&#x64A;&#x644;&#x629; &#x623;&#x641;&#x642;&#x62F;&#x62A;&#x647; &#x645;&#x646;&#x635;&#x628;&#x647;</subfield>
  </datafield>
  <datafield tag="651" ind1=" " ind2="7">
    <subfield code="a">&#x645;&#x635;&#x631;</subfield>
    <subfield code="x">&#x62A;&#x627;&#x631;&#x64A;&#x62E;</subfield>
    <subfield code="y">1798-</subfield>
    <subfield code="2">BUEsh</subfield>
  </datafield>
  <datafield tag="653" ind1=" " ind2=" ">
    <subfield code="b">GGEN</subfield>
    <subfield code="c">April2019</subfield>
  </datafield>
  <datafield tag="655" ind1=" " ind2=" ">
    <subfield code="v">Reading book</subfield>
  </datafield>
  <datafield tag="942" ind1=" " ind2=" ">
    <subfield code="2">ddc</subfield>
  </datafield>
  <datafield tag="999" ind1=" " ind2=" ">
    <subfield code="c">27351</subfield>
    <subfield code="d">27322</subfield>
  </datafield>
  <datafield tag="952" ind1=" " ind2=" ">
    <subfield code="0">0</subfield>
    <subfield code="1">0</subfield>
    <subfield code="2">ddc</subfield>
    <subfield code="4">0</subfield>
    <subfield code="7">0</subfield>
    <subfield code="8">&#x62F;&#x627;&#x631; &#x627;&#x644;&#x643;&#x631;&#x645;&#x629; &#x644;&#x644;&#x646;&#x634;&#x631;</subfield>
    <subfield code="a">MAIN</subfield>
    <subfield code="b">MAIN</subfield>
    <subfield code="c">2ND</subfield>
    <subfield code="d">2019-04-07</subfield>
    <subfield code="e">Purchase</subfield>
    <subfield code="g">90.00</subfield>
    <subfield code="h">5705</subfield>
    <subfield code="o">962 &#x639; &#x64A; &#x633;</subfield>
    <subfield code="p">000044544</subfield>
    <subfield code="r">2025-07-15 00:00:00</subfield>
    <subfield code="s">2024-01-02</subfield>
    <subfield code="v">112.50</subfield>
    <subfield code="y">BB</subfield>
  </datafield>
</record>
